Online Catalogue and eLibrary

Niwase paladayithawa (Record no. 5173)

MARC details
000 -LEADER
fixed length control field 00454nam a2200169Ia 4500
005 - DATE AND TIME OF LATEST TRANSACTION
control field 20250701024729.0
008 - FIXED-LENGTH DATA ELEMENTS--GENERAL INFORMATION
fixed length control field 240331s9999 xx 000 0 und d
020 ## - INTERNATIONAL STANDARD BOOK NUMBER
ISBN 9551178068
082 ## - DDC Classification
Item Number - Author Mark FON
Class No. 891
100 ## - MAIN ENTRY--PERSONAL NAME
Personal name Fonseka,L
245 #0 - TITLE STATEMENT
Title Niwase paladayithawa
250 ## - EDITION STATEMENT
Edition statement 3rd
260 ## - PUBLICATION, DISTRIBUTION, ETC.
Place of publication, distribution, etc. Maradana
Name of publisher, distributor, etc. Sadeepa Publishers
Date of publication, distribution, etc. 2007
300 ## - PHYSICAL DESCRIPTION
Extent (e.g. Volumes, Pages etc.) 200 p .,
500 ## - GENERAL NOTE
General note Niwase Paladayithawa - Without unity, there is no happiness in the house
942 ## - Koha item type (Biblio)
Koha item type Books in Stacks (Lending)
Holdings
Lost status Damaged status Collection code Home library Current library Shelving location Date acquired Full call number Accession Number Item type
    Lending WERC Library WERC Library Social Science Cupboard 03/31/2024 640.4 FON 6188 Books in Stacks (Lending)

© WERC Library